Reforma del sector petrolero y disputa por la renta en Brasil /
El artículo analiza el proceso de reforma liberal del sector brasileño y la disputa por la renta generada por esta. Ese mismo proceso de reestructura de la producción y uso de mecanismos del mercado petróleo facilitó la apropiación de la renta de este sector a través de la ruptura del monopolio de l...
Enregistré dans:
| Auteur principal: | |
|---|---|
| Autres auteurs: | , |
| Format: | Texte |
| Sujets: | |
| Tags: |
Ajouter un tag
Pas de tags, Soyez le premier à ajouter un tag!
|
MARC
| LEADER | 00000 a a2200000 04500 | ||
|---|---|---|---|
| 001 | 42758 | ||
| 003 | |||
| 040 | |||
| 100 | |a Sauer, Ildo | ||
| 245 | |a Reforma del sector petrolero y disputa por la renta en Brasil / |c Ildo Sauer ; Sonia Seger ; Julieta Puerto Rico | ||
| 500 | |a illsauer@iee.usp.br |a seger@ups.br |a julietapuerto@gmail.com | ||
| 520 | |a El artículo analiza el proceso de reforma liberal del sector brasileño y la disputa por la renta generada por esta. Ese mismo proceso de reestructura de la producción y uso de mecanismos del mercado petróleo facilitó la apropiación de la renta de este sector a través de la ruptura del monopolio de la empresa estatal, aplicándose el modelo de concesiones, situación que ha incidido en el intento de reformar la legislación del sector petrolero a partir de proyecto de Ley enviados al Congreso de Brasil, en los que se pretende se pretende la creación de una nueva empresa, la Petrosal, de un Fondo Social y la aplicación de un riesgo de producción compartida que permita la participación de las empresas extranjeras y de empresa privadas "nacionales". | ||
| 590 | |a SJB/JUNIO2012 | ||
| 650 | |a 1.EXTRACCION DE PETROLEO | ||
| 650 | |a 2.RENTA DEL CAPITAL | ||
| 650 | |a 3.REFORMA ECONOMICA | ||
| 650 | |a 4.MOVIMIENTOS SOCIALES | ||
| 650 | |a 5.PETROLEO | ||
| 650 | |a 6.BRASIL | ||
| 700 | |a Seger, Sonia | ||
| 700 | |a Puerto Rico, Julieta | ||
| 773 | |g número51 ( , 2010), páginas 9-35 | ||
| 999 | |c 35277 |d 35277 | ||
